| 000 | 00881nam a2200265Ia 4500 | ||
|---|---|---|---|
| 003 | OSt | ||
| 005 | 20220927115036.0 | ||
| 006 | a|||||r|||| 00| 0 | ||
| 007 | ta | ||
| 008 | 220926b |||||||| |||| 00| 0 eng d | ||
| 024 | _a82217 | ||
| 037 | _cThesis and Dissertations | ||
| 040 |
_aRTL _cRTL _beng |
||
| 041 |
_2eng _aeng |
||
| 082 | _a"Y:45151.236.P, P4/Th" | ||
| 100 |
_aBaxi Pratiksha _9390162 |
||
| 245 | 0 | _aSocial and juridical frame work of rape in India | |
| 260 |
_aDelhi _bUniversity of Delhi _c1993 |
||
| 300 |
_a328p _ccm. |
||
| 490 | _a"University of Delhi, Sociology, (Deptt of-), Thesis. Thesis, (University of Delhi, Sociology, (Deptt of-)" | ||
| 500 | _aBibliography : P 313-28 | ||
| 650 | _aSocial Crime | ||
| 942 |
_h"Y:45151.236.P, P4/Th" _cCC |
||
| 999 |
_c705503 _d705503 |
||